Southville International School and Colleges
Your cart is empty.
  • Cart
  • Lists
    Public lists Eva Luna New books Lux_list list_1
    Your lists Log in to create your own lists
  • Log in to your account
  • Your cookies
  • Search history
Southville International School and Colleges
  • Advanced search
  • Recent comments
  • Most popular
  • Libraries

Log in to your account

Log in with GOOGLE


If you do not have an external account, but do have a local account, you can still log in:

  1. Home
  2. MARC view: Spelling for writing :
Normal view MARC view ISBD view

Spelling for writing : (Record no. 112851)

[ view plain ]
MARC details
000 -LEADER
fixed length control field 00578nam a2200181 a 4500
001 - CONTROL NUMBER
control field 2218
005 - DATE AND TIME OF LATEST TRANSACTION
control field 20140414131953.0
008 - FIXED-LENGTH DATA ELEMENTS--GENERAL INFORMATION
fixed length control field 001111s19uu xx 00 eng d
020 ## - INTERNATIONAL STANDARD BOOK NUMBER
International Standard Book Number 0-675-04406-5
050 ## - LIBRARY OF CONGRESS CALL NUMBER
Classification number TR 420.7
Item number H73 1976
100 ## - MAIN ENTRY--PERSONAL NAME
Personal name Hillerich, Robert L.
245 ## - TITLE STATEMENT
Title Spelling for writing :
Remainder of title The merril spelling program /
Statement of responsibility, etc Robert L. Hillerich, Sharon Gould.
260 ## - PUBLICATION, DISTRIBUTION, ETC. (IMPRINT)
Place of publication, distribution, etc Columbus, Ohio :
Name of publisher, distributor, etc Charles Merrill Pub. Co,
Date of publication, distribution, etc 1976.
300 ## - PHYSICAL DESCRIPTION
Extent 174 p. ; col. ; ill.
650 ## - SUBJECT ADDED ENTRY--TOPICAL TERM
Topical term or geographic name as entry element English language -- spelling -- study and teaching
Holdings
Withdrawn status Lost status Damaged status Home library Current library Shelving location Date acquired Source of acquisition Total Checkouts Full call number Barcode Date last seen Price effective from Koha item type
      Munich Library Munich Library Teachers Reference Section 05/26/2005     TR 420.7 H73 1976 M4253 04/14/2014 04/14/2014 Books
      Munich Library Munich Library Teachers Reference Section 02/03/2011     TR 420.7 H73 1976 M4242 04/14/2014 04/14/2014 Books

Spelling for writing :

APA

Hillerich R. L., . (1976). Spelling for writing. Columbus, Ohio: Charles Merrill Pub. Co.

Chicago

Hillerich Robert L, . 1976. Spelling for writing. Columbus, Ohio: Charles Merrill Pub. Co.

Harvard

Hillerich R. L., . (1976). Spelling for writing. Columbus, Ohio: Charles Merrill Pub. Co.

MLA

Hillerich Robert L, . Spelling for writing. Columbus, Ohio: Charles Merrill Pub. Co. 1976.

  • Place hold
  • Print
  • Cite
  • Add to your cart (remove)
  • Save record
    BIBTEX Dublin Core MARCXML MARC (non-Unicode/MARC-8) MARC (Unicode/UTF-8) MARC (Unicode/UTF-8, Standard) MODS (XML) RIS
  • More searches
    Search for this title in:
    Other Libraries (WorldCat) Other Databases (Google Scholar) Online Stores (Bookfinder.com) Open Library (openlibrary.org)

Exporting to Dublin Core...

SOUTHVILLE LIBRARY

Southville International School and Colleges Library

1281 Tropical Ave. Cor. Luxembourg St., BF Homes International, Las Pinas City

Tel. No. 8256374 / 252358 Loc. 117/146

Powered by Koha